000 00617nam a22002417a 4500
003 UA-OsUOA
001 50577
007 ta
008 20071120b un ||||| |||| 00| 0 ukr d
100 _aРусова С.
090 _a82-94
_bР88
942 _cBK
040 _aUA-OsUOA
_bukr
_cUA-OsUOA
_dUA-OsUOA
245 _aМемуари. Щоденник
300 _a544 с.
955 _a3
041 _aukr
080 _a82-94
020 _a966-530-021-0
260 _aК.
_bПоліграфкнига
_c2004
650 7 _a82 Література. Літературознавство
_2UDC
999 _c336686
_d336686